| 000 | 00564nam a22001937a 4500 | ||
|---|---|---|---|
| 999 |
_c17665 _d17665 |
||
| 008 | 190517b xxu||||| |||| 00| 0 eng d | ||
| 020 | _a8126539437 | ||
| 040 |
_aKABU _cKABU |
||
| 050 |
_aRC633 _b.R87 2014 c. 1 |
||
| 100 | _aRusia, Usha | ||
| 245 |
_aPrecise haematology for undergraduate medical students _cUsha Rusia, Meera Sikka, Renu Saxena |
||
| 260 |
_aNew Delhi _bWiley India _c2014 |
||
| 300 | _aix, 258 p. | ||
| 650 | _aHematology | ||
| 650 |
_aBlood _xDisease |
||
| 700 | _aSikka, Meera | ||
| 700 | _aSaxena, Renu | ||
| 942 |
_2lcc _cBK _hRC633 |
||